Geometry revisited

Αποθηκεύτηκε σε:
Λεπτομέρειες βιβλιογραφικής εγγραφής
Κύριοι συγγραφείς: Coxeter, H. S. M. (Harold Scott Macdonald), 1907-2003, Greitzer, Samuel L. (Συγγραφέας)
Μορφή: Βιβλίο
Γλώσσα:English
Δημοσίευση: [New York] : Random House, 1967.
Σειρά:New mathematical library ; 19
Θέματα:
Ετικέτες: Προσθήκη ετικέτας
Δεν υπάρχουν, Καταχωρήστε ετικέτα πρώτοι!

MARC

LEADER 00000cam a2200000 a 4500
001 1/108784
008 150921s1967####us | ||| |||| ||eng||
040 |a GR-MyUa  |b gre  |c GR-MyUa  |e AACR2 
041 0 |a eng 
082 7 |a 516.04   |2 (23) 
100 1 |a Coxeter, H. S. M.   |q (Harold Scott Macdonald),   |d 1907-2003. 
245 1 0 |a Geometry revisited /   |c by H. S. M. Coxeter and S. L. Greitzer. 
260 |a [New York] :   |b Random House,   |c 1967.  
300 |a xiv, 193 σ. :   |b σχέδια ;   |c 23 εκ.  
490 1 |a New mathematical library  |v  ; 19 
650 0 |a Geometry, Modern. 
700 1 |a Greitzer, Samuel L.  |e aut 
830 0 |a New mathematical library ;  |v  19 
852 |a INST  |b SAMOS  |c MAG  |e 20150921  |h 516.04 COX  |p 005300035501  |q 005300035501  |t BK  |y 0 
970 |a Σιτζίμη  |b Γιασεμή  |z 21/09/2015